000 00325nam a2200133Ia 4500
005 20260326235442.0
008 260326s9999||||xx |||||||||||||| ||und||
100 _aCollege Saint Pierre
245 0 _aPeintures Haitiennes /
_cCollege Saint Pierre
260 _bDelroisse
300 _a143 p.
650 _aARTE
942 _cBK
999 _c7448
_d7448